000
00310nam a2200133Ia 4500
008
231129s1984||||xx |||||||||||||| ||spa||
040
_b
spa
082
_a
255.3 M291f
100
_a
Mantilla R. Luis Carlos
245
0
_a
Los franciscanos en Colombia
260
_c
1984
264
_a
Kelly
942
_2
ddc
_c
BKS
999
_c
19686
_d
19686